|
|
|
|
| LEADER |
03142nam a2200565 4500 |
| 001 |
978-3-319-78774-9 |
| 003 |
DE-He213 |
| 005 |
20191023222918.0 |
| 007 |
cr nn 008mamaa |
| 008 |
180510s2018 gw | s |||| 0|eng d |
| 020 |
|
|
|a 9783319787749
|9 978-3-319-78774-9
|
| 024 |
7 |
|
|a 10.1007/978-3-319-78774-9
|2 doi
|
| 040 |
|
|
|d GrThAP
|
| 050 |
|
4 |
|a QP34-38
|
| 072 |
|
7 |
|a MFG
|2 bicssc
|
| 072 |
|
7 |
|a MED075000
|2 bisacsh
|
| 072 |
|
7 |
|a MFG
|2 thema
|
| 082 |
0 |
4 |
|a 612
|2 23
|
| 245 |
1 |
0 |
|a Reviews of Physiology, Biochemistry and Pharmacology Vol. 174
|h [electronic resource] /
|c edited by Bernd Nilius, Pieter de Tombe, Thomas Gudermann, Reinhard Jahn, Roland Lill, Ole H. Petersen.
|
| 250 |
|
|
|a 1st ed. 2018.
|
| 264 |
|
1 |
|a Cham :
|b Springer International Publishing :
|b Imprint: Springer,
|c 2018.
|
| 300 |
|
|
|a V, 156 p. 20 illus. in color.
|b online resource.
|
| 336 |
|
|
|a text
|b txt
|2 rdacontent
|
| 337 |
|
|
|a computer
|b c
|2 rdamedia
|
| 338 |
|
|
|a online resource
|b cr
|2 rdacarrier
|
| 347 |
|
|
|a text file
|b PDF
|2 rda
|
| 490 |
1 |
|
|a Reviews of Physiology, Biochemistry and Pharmacology,
|x 0303-4240 ;
|v 174
|
| 505 |
0 |
|
|a Ezrin Orchestrates Signal Transduction in Airway Cells -- Iron-Sulfur Protein Assembly in Human Cells -- Neurotrophin Trk Receptors: New Targets for Cancer Therapy -- Gaseous Signaling Molecules in Cardiovascular Function: From echanisms to Clinical Translation.
|
| 520 |
|
|
|a Leading researchers are specially invited to provide a complete understanding of a key topic within the multidisciplinary fields of physiology, biochemistry and pharmacology. In a form immediately useful to scientists, this periodical aims to filter, highlight and review the latest developments in these rapidly advancing fields.
|
| 650 |
|
0 |
|a Human physiology.
|
| 650 |
|
0 |
|a Cancer research.
|
| 650 |
|
0 |
|a Pharmacology.
|
| 650 |
1 |
4 |
|a Human Physiology.
|0 http://scigraph.springernature.com/things/product-market-codes/B13004
|
| 650 |
2 |
4 |
|a Cancer Research.
|0 http://scigraph.springernature.com/things/product-market-codes/B11001
|
| 650 |
2 |
4 |
|a Pharmacology/Toxicology.
|0 http://scigraph.springernature.com/things/product-market-codes/B21007
|
| 700 |
1 |
|
|a Nilius, Bernd.
|e editor.
|4 edt
|4 http://id.loc.gov/vocabulary/relators/edt
|
| 700 |
1 |
|
|a de Tombe, Pieter.
|e editor.
|4 edt
|4 http://id.loc.gov/vocabulary/relators/edt
|
| 700 |
1 |
|
|a Gudermann, Thomas.
|e editor.
|4 edt
|4 http://id.loc.gov/vocabulary/relators/edt
|
| 700 |
1 |
|
|a Jahn, Reinhard.
|e editor.
|4 edt
|4 http://id.loc.gov/vocabulary/relators/edt
|
| 700 |
1 |
|
|a Lill, Roland.
|e editor.
|4 edt
|4 http://id.loc.gov/vocabulary/relators/edt
|
| 700 |
1 |
|
|a Petersen, Ole H.
|e editor.
|4 edt
|4 http://id.loc.gov/vocabulary/relators/edt
|
| 710 |
2 |
|
|a SpringerLink (Online service)
|
| 773 |
0 |
|
|t Springer eBooks
|
| 776 |
0 |
8 |
|i Printed edition:
|z 9783319787732
|
| 776 |
0 |
8 |
|i Printed edition:
|z 9783319787756
|
| 776 |
0 |
8 |
|i Printed edition:
|z 9783030087821
|
| 830 |
|
0 |
|a Reviews of Physiology, Biochemistry and Pharmacology,
|x 0303-4240 ;
|v 174
|
| 856 |
4 |
0 |
|u https://doi.org/10.1007/978-3-319-78774-9
|z Full Text via HEAL-Link
|
| 912 |
|
|
|a ZDB-2-SBL
|
| 950 |
|
|
|a Biomedical and Life Sciences (Springer-11642)
|